| 000 | 01790nam a2200421Ia 4500 | ||
|---|---|---|---|
| 001 | ebr10579199 | ||
| 003 | CaPaEBR | ||
| 006 | m u | ||
| 007 | cr cn||||||||| | ||
| 008 | 051020s2006 nyua sb 001 0 eng d | ||
| 010 | _z 2005030809 | ||
| 020 | _z9780791468630 (hardcover : alk. paper) | ||
| 020 | _z9780791481233 | ||
| 020 | _z0791468631 (hardcover : alk. paper) | ||
| 020 | _z9780791468647 (pbk. : alk. paper) | ||
| 020 | _z079146864X (pbk. : alk. paper) | ||
| 040 |
_aCaPaEBR _cCaPaEBR |
||
| 035 | _a(OCoLC)76821666 | ||
| 050 | 1 | 4 |
_aLC212.422.C2 _bE97 2006eb |
| 082 | 0 | 4 |
_a379.2/6 _222 |
| 245 | 0 | 0 |
_aExpanding opportunity in higher education _h[electronic resource] : _bleveraging promise / _cedited by Patricia Gandara, Gary Orfield, Catherine Horn. |
| 260 |
_aAlbany, N.Y. : _bState University of New York Press, _cc2006. |
||
| 300 |
_axi, 302 p. : _bill. |
||
| 490 | 1 | _aSUNY series, frontiers in education | |
| 504 | _aIncludes bibliographical references and index. | ||
| 533 |
_aElectronic reproduction. _bPalo Alto, Calif. : _cebrary, _d2013. _nAvailable via World Wide Web. _nAccess may be limited to ebrary affiliated libraries. |
||
| 650 | 0 |
_aDiscrimination in higher education _zCalifornia. |
|
| 650 | 0 |
_aUniversities and colleges _zCalifornia _xAdmission. |
|
| 650 | 0 |
_aAfrican Americans _xEducation (Higher) _zCalifornia. |
|
| 650 | 0 |
_aHispanic Americans _xEducation (Higher) _zCalifornia. |
|
| 655 | 7 |
_aElectronic books. _2local |
|
| 700 | 1 | _aGandara, Patricia C. | |
| 700 | 1 | _aOrfield, Gary. | |
| 700 | 1 | _aHorn, Catherine L. | |
| 710 | 2 | _aebrary, Inc. | |
| 830 | 0 | _aSUNY series, frontiers in education. | |
| 856 | 4 | 0 |
_uhttp://site.ebrary.com/lib/rucke/Doc?id=10579199 _zAn electronic book accessible through the World Wide Web; click to view |
| 999 |
_c85741 _d85741 |
||